Military history of the campaign of 1882 in Egypt. (Record no. 552937)
[ view plain ]
| 000 -LEADER | |
|---|---|
| fixed length control field | 00535cam a2200157u 4500 |
| 082 ## - DEWEY DECIMAL CLASSIFICATION NUMBER | |
| Classification number | 962.04 |
| Author Mark | MAU |
| 110 1# - MAIN ENTRY--CORPORATE NAME | |
| Corporate name or jurisdiction name as entry element | Great Britain. |
| 9 (RLIN) | 39715 |
| 245 10 - TITLE STATEMENT | |
| Title | Military history of the campaign of 1882 in Egypt. |
| 260 ## - PUBLICATION, DISTRIBUTION, ETC. | |
| Place of publication, distribution, etc. | London, |
| Name of publisher, distributor, etc. | Printed for H. M. Stationery off., by Harrison and sons |
| Date of publication, distribution, etc. | [1887] |
| 300 ## - PHYSICAL DESCRIPTION | |
| Extent | vi, 216 p. |
| Other physical details | fold. maps, fold. plans. |
| Dimensions | 25 cm. |
| 526 ## - STUDY PROGRAM INFORMATION NOTE | |
| Program name | 0 |
| Interest level | 0 |
| Reading level | 0 |
| Title point value | 962_040000000000000_MAU |
| 650 #0 - SUBJECT ADDED ENTRY--TOPICAL TERM | |
| Topical term or geographic name entry element | Anglo-Egyptian War, 1882. |
| 9 (RLIN) | 50215 |
| 650 #0 - SUBJECT ADDED ENTRY--TOPICAL TERM | |
| Topical term or geographic name entry element | MCE |
| 9 (RLIN) | 379 |
| 700 1# - ADDED ENTRY--PERSONAL NAME | |
| Personal name | Maurice, John Frederick, |
| 9 (RLIN) | 49380 |
| 942 ## - ADDED ENTRY ELEMENTS (KOHA) | |
| Source of classification or shelving scheme | |
| Koha item type | Book |
| Withdrawn status | Lost status | Source of classification or shelving scheme | Damaged status | Not for loan | Permanent Location | Current Location | Shelving location | Date acquired | Total Checkouts | Full call number | Barcode | Date last seen | Price effective from | Koha item type |
|---|---|---|---|---|---|---|---|---|---|---|---|---|---|---|
| Military College of Engineering (MCE) | Military College of Engineering (MCE) | 01/27/2015 | 962.04 MAU | MCE-ECM/82 | 01/27/2015 | 01/27/2015 | Book |
